Institutional Barriers to Market Transactions in and between CIS Countries
Salvato in:
| Autore principale: | |
|---|---|
| Natura: | Libro |
| Lingua: | inglese |
| Pubblicazione: |
Kiel
Institut für Weltwirtschaft
1994
|
| Serie: | Kiel Working Paper
No.624 |
| Soggetti: | |
| Tags: |
Nessun Tag, puoi essere il primo ad aggiungerne!!
|
MARC
| LEADER | 00000nam a2200000 4500 | ||
|---|---|---|---|
| 001 | c005397 | ||
| 005 | 20250521092950.6 | ||
| 041 | 0 | |a eng | |
| 044 | |a DE | ||
| 245 | 1 | 0 | |a Institutional Barriers to Market Transactions in and between CIS Countries |c Vitali A. Naishul |
| 264 | 1 | |a Kiel |b Institut für Weltwirtschaft |c 1994 | |
| 300 | |a 16 s. | ||
| 490 | 1 | |a Kiel Working Paper |v No.624 | |
| 830 | 0 | |a Kiel Working Paper |v No.624 | |
| 610 | 2 | 0 | |a inštitúcia |
| 610 | 2 | 0 | |a hospodárstvo plánované |
| 610 | 2 | 0 | |a hospodárstvo trhové |
| 610 | 2 | 0 | |a inštitucionalizmus |
| 610 | 2 | 0 | |a Spoločenstvo nezávislých štátov |
| 610 | 2 | 0 | |a ZSSR |
| 610 | 2 | 0 | |a byrokracia |
| 100 | 1 | |a Naishul, Vitali A. | |